<?xml version="1.0" encoding="UTF-8"?><marc:collection xmlns:marc="http://www.loc.gov/MARC21/slim">
  <marc:record>
    <marc:leader>00000nam  2200000za 4500</marc:leader>
    <marc:controlfield tag="001">9.579102</marc:controlfield>
    <marc:controlfield tag="003">CaOODSP</marc:controlfield>
    <marc:controlfield tag="005">20241203113634</marc:controlfield>
    <marc:controlfield tag="007">cr |||||||||||</marc:controlfield>
    <marc:controlfield tag="008">150406t20072005onca|||#ob   f000 0 eng d</marc:controlfield>
    <marc:datafield tag="020" ind1=" " ind2=" ">
      <marc:subfield code="q">(print)</marc:subfield>
      <marc:subfield code="z">0-662-40284-7</marc:subfield>
    </marc:datafield>
    <marc:datafield tag="040" ind1=" " ind2=" ">
      <marc:subfield code="a">CaOODSP</marc:subfield>
      <marc:subfield code="b">eng</marc:subfield>
    </marc:datafield>
    <marc:datafield tag="041" ind1=" " ind2=" ">
      <marc:subfield code="a">eng</marc:subfield>
      <marc:subfield code="b">fre</marc:subfield>
    </marc:datafield>
    <marc:datafield tag="043" ind1=" " ind2=" ">
      <marc:subfield code="a">n-cn---</marc:subfield>
    </marc:datafield>
    <marc:datafield tag="086" ind1="1" ind2=" ">
      <marc:subfield code="a">En49-7/1-45E-PDF</marc:subfield>
      <marc:subfield code="z">En49-7/1-45E</marc:subfield>
    </marc:datafield>
    <marc:datafield tag="245" ind1="0" ind2="0">
      <marc:subfield code="a">Biological test method - test for measuring emergence and growth of terrestrial plants exposed to contaminants in soil </marc:subfield>
      <marc:subfield code="h">[electronic resource] / </marc:subfield>
      <marc:subfield code="c">Method Development and Application Section, Environmental Technology Centre, Environment Canada.</marc:subfield>
    </marc:datafield>
    <marc:datafield tag="246" ind1="3" ind2="0">
      <marc:subfield code="a">Test for measuring emergence and growth of terrestrial plants exposed to contaminants in soil </marc:subfield>
    </marc:datafield>
    <marc:datafield tag="250" ind1=" " ind2=" ">
      <marc:subfield code="a">February 2005, with June 2007 amendments.</marc:subfield>
    </marc:datafield>
    <marc:datafield tag="260" ind1=" " ind2=" ">
      <marc:subfield code="a">Ottawa  : </marc:subfield>
      <marc:subfield code="b">Environment Canada,  </marc:subfield>
      <marc:subfield code="c">2007, c2005.</marc:subfield>
    </marc:datafield>
    <marc:datafield tag="300" ind1=" " ind2=" ">
      <marc:subfield code="a">xvii, 131 p. </marc:subfield>
      <marc:subfield code="b">ill. </marc:subfield>
    </marc:datafield>
    <marc:datafield tag="490" ind1="1" ind2=" ">
      <marc:subfield code="a">Environmental Protection series. [Reference methods] </marc:subfield>
      <marc:subfield code="v">EPS 1/RM/45</marc:subfield>
    </marc:datafield>
    <marc:datafield tag="504" ind1=" " ind2=" ">
      <marc:subfield code="a">Includes bibliographical references: p. 75-84.</marc:subfield>
    </marc:datafield>
    <marc:datafield tag="510" ind1="0" ind2=" ">
      <marc:subfield code="a">Canadian cataloguing in publication data printed in this publication.</marc:subfield>
    </marc:datafield>
    <marc:datafield tag="520" ind1="0" ind2=" ">
      <marc:subfield code="a">"This document provides detailed procedures, conditions and guidance for preparing for and conducting a biological test for measuing soil toxicity using terrestrial plants. Twelve species options are provided and include: alfalfa (Medicago sativa), barley (Hordeum vulgare), blue grama grass (Bouteloua gracilis), carrot (Daucus carota), cucumber (Cucumis sativus), durum wheat (Triticum durum), lettuce (Lactuca sativa), northern wheatgrass (Elymus lanceolatus), radish (Raphanus sativus), red clover (Trifolium pretense), red fescue (Festuca rubra), or tomato (Lycopersicon esculentum)"--Abstract, p. v.</marc:subfield>
    </marc:datafield>
    <marc:datafield tag="546" ind1=" " ind2=" ">
      <marc:subfield code="a">Includes abstract in French.</marc:subfield>
    </marc:datafield>
    <marc:datafield tag="590" ind1=" " ind2=" ">
      <marc:subfield code="a">14-08-Supp</marc:subfield>
      <marc:subfield code="b">2014-04-10</marc:subfield>
    </marc:datafield>
    <marc:datafield tag="710" ind1="1" ind2=" ">
      <marc:subfield code="a">Canada. </marc:subfield>
      <marc:subfield code="b">Environment Canada.</marc:subfield>
    </marc:datafield>
    <marc:datafield tag="775" ind1="0" ind2="8">
      <marc:subfield code="t">Méthode d'essai biologique - essai de mesure de la levée et de la croissance de plantes terrestres exposées à de contaminants dans le sol </marc:subfield>
      <marc:subfield code="w">(CaOODSP)9.606724</marc:subfield>
    </marc:datafield>
    <marc:datafield tag="830" ind1="#" ind2="0">
      <marc:subfield code="a">Environmental Protection series. [Reference methods]</marc:subfield>
      <marc:subfield code="v">EPS 1/RM/45</marc:subfield>
      <marc:subfield code="w">(CaOODSP)9.504905</marc:subfield>
    </marc:datafield>
    <marc:datafield tag="856" ind1="4" ind2="0">
      <marc:subfield code="a">http://publications.gc.ca</marc:subfield>
      <marc:subfield code="q">PDF</marc:subfield>
      <marc:subfield code="s">1.47 MB</marc:subfield>
      <marc:subfield code="u">https://publications.gc.ca/collections/collection_2014/ec/En49-7-1-45-eng.pdf</marc:subfield>
      <marc:subfield code="y">EPS 1/RM/45</marc:subfield>
    </marc:datafield>
  </marc:record>
</marc:collection>
